000 01100nam a2200253Ia 4500
003 Ost
005 20260507075228.0
008 260507s9999||||xx |||||||||||||| ||und||
040 _cfsecg
041 _aara
082 _a330
100 _aالوادي، محمود حسين
_eمؤلف
245 0 _aالنقود و المصارف /
_c محمود حسين الوادي
260 _aعمان:
_bدار المسيرة,
_c2010
300 _a231 صفحة؛
_bإيضاحات ؛
_c24 سم
504 _aمراجع ص.229
520 _aمقدمة في النقود ، النظم و النظريات النقدية ، النقود و المستوى العام للاسعار ، ، النقود في الاسلام ، البنوك التجارية ، البنوك المركزية، البنوك الاسلامية ، المؤسسات المالية الوسيطة الاخرى .
653 _aالاقتصاد المالي
653 _aالبنوك
653 _aالمصارف
653 _aالنقود
700 _aسمحان، حسين محمد
_eمؤلف ثانوي
942 _cكتاب
999 _c43547
_d43547